| 000 | 00765cam a2200205 4500 | ||
|---|---|---|---|
| 008 | 000000n2000 000 0 eng u | ||
| 035 | _a(Sirsi) u107628 | ||
| 100 | _aWhite, N. | ||
| 245 | _aWhen the bank steps in... | ||
| 260 | _c2000 | ||
| 490 |
_aBuilding _v265(8139) 2 June 2000, 53(1) |
||
| 520 | _aAdvice on collateral warranties looks at step-in rights, and sets out the main contents of a step-in provision, and what to do with licences for design copyright. | ||
| 650 | _aDESIGN COPYRIGHT | ||
| 650 | _aBUILT ENVIRONMENT-BUILDING CONTRACT FORMS-CONSTRUCTION COLLATERAL WARRANTY FORMS | ||
| 650 | _aCOPYRIGHT LICENCES | ||
| 650 | _aNOTICE PERIOD | ||
| 650 | _aBENEFICIARIES | ||
| 690 | _aBUILT ENVIRONMENT-BUILDING CONTRACT FORMS | ||
| 942 | _n0 | ||
| 999 |
_c64307 _d64307 |
||